| 000 | 00965nas a2200301 4500 | ||
|---|---|---|---|
| 001 | BR2019000479 | ||
| 003 | BR-BrBNA | ||
| 005 | 20231205131610.0 | ||
| 007 | ta | ||
| 008 | 230509b bl.|||p| |||| 00| 00por d | ||
| 040 |
_aBR-BrBNA _bpor _cBiblioteca Nacional de Agricultura |
||
| 041 | _a(Pt) | ||
| 072 | _aF01; N20 | ||
| 100 | 1 | _aMagalhães, A.C. | |
| 100 | 1 | _aMoreira, B.R.A. | |
| 100 | 1 | _aFigueiredo, P.A.M. de | |
| 100 | 1 | _aFonseca, R. da | |
| 100 | 1 | _aParra, F.S. | |
| 100 | 1 | _aYamamoto, W.K. | |
| 245 | 1 | _aRenovação de pasto por meio de diferentes conjuntos mecanizados | |
| 650 | _aSEMEADURA | ||
| 650 | _aMECANIZAÇÃO AGRÍCOLA | ||
| 650 | _aPASTAGEM | ||
| 773 | 0 |
_tRevista Brasileira de Engenharia de Biossistemas (Brazil) _xISSN 2359-6724 _g(2017), v. 11(4) p. 385-399 _wBR2019000479 |
|
| 856 | 4 | 0 | _uhttp://seer.tupa.unesp.br/index.php/BIOENG/article/view/581/351 |
| 909 |
_a202311 _bLúcia _c55 _dLúcia Elande |
||
| 942 |
_2AGRIS _n0 _cANA |
||
| 999 |
_c255649 _d255649 |
||